Countries that produce the most Rice - Statistics

General Stats
  • This quiz has been taken 43 times
  • The average score is 8 of 10
Answer Stats
Tons Country % Correct
212,843,000 China
100%
195,425,000 India
95%
56,944,554 Bangladesh
87%
33,582,000 Thailand
87%
43,852,729 Vietnam
87%
54,415,294 Indonesia
84%
13,984,009 Pakistan
82%
19,960,170 Phillippines
76%
24,910,000 Myanmar
66%
11,660,603 Brazil
58%
No matching quizzes found
Score Distribution
Percent of People with Each Score
Percentile by Number Answered
Your Score History
You have not taken this quiz